L.A. Noire Quiz - Statistics

General Stats
  • This quiz has been taken 242 times
  • The average score is 8 of 10
Answer Stats
Hint Answer % Correct
Who do you play as? Cole Phelps
96%
In what "perfectly recreated" city does the game take place? Los Angeles
96%
Who published the game? Rockstar Games
95%
What year is the game set in? 1947
94%
What year was the game released? 2011
90%
Near the end of the final desk, what private investigator do you assume control of? Jack Kelso
70%
What is the name of the corrupt Chief Detective of the vice department? Roy Earle
63%
From what perspective is the game played in? Third Person
60%
Who developed the game? Team Bondi
49%
Working as a patrol officer, who is your partner? Officer Ralph Dunn
44%
No matching quizzes found
Score Distribution
Percent of People with Each Score
Percentile by Number Answered
Your Score History
You have not taken this quiz